Capitaines des pays vainqueurs de Coupe du Monde - Statistiques

Statistiques générales
  • Ce quiz a été pris 108 fois
  • Le résultat moyen est 9 sur 22
Statistiques - réponses
Années Pays Capitaines % Correct
2018 France Hugo Lloris
100%
2022 Argentine Lionel Messi
100%
1998 France Didier Deschamps
84%
2006 Italie Fabio Cannavaro
84%
2010 Espagne Iker Casillas
84%
2014 Allemagne Philipp Lahm
79%
1986 Argentine Diego Maradona
73%
2002 Brésil Marcos Cafu
71%
1974 RFA Franz Beckenbauer
56%
1990 RFA Lothar Matthaus
42%
1966 Angleterre Bobby Moore
32%
1994 Brésil Dunga
32%
1982 Italie Dino Zoff
28%
1970 Brésil Carlos Alberto
16%
1978 Argentine Daniel Passarella
11%
1938 Italie Giuseppe Meazza
11%
1962 Brésil Mauro Ramos
10%
1954 RFA Fritz Walter
0%
1934 Italie Giampiero Combi
0%
1958 Brésil Hilderaldo Bellini
0%
1930 Uruguay Jose Nasazzi
0%
1950 Uruguay Obdulio Varela
0%
Aucun quiz correspondant
Distribution des résultats
% des personnes avec chaque résultat
Percentile par nombre de réponses
Votre historique - résultats
Vous n’avez pas pris ce quiz